Villes des Côtes d'Armor par population - Statistiques

Statistiques générales
  • Ce quiz a été pris 19 fois
  • Le résultat moyen est 4 sur 27
Statistiques - réponses
Hint Réponse % Correct
Saint-Brieuc 44 607
76%
Lannion 20 525
47%
Loudéac 9 875
35%
Pléneuf-Val-André 4 094
29%
Lanvallay 4 235
24%
Guingamp 7 127
24%
Lamballe 16 911
18%
Pleslin 4 043
18%
Trégueux 8 462
18%
Ploufragan 11 347
12%
Le Mené 6 420
12%
Plédran 6 909
12%
Perros-Guirec 7 260
12%
Ploeuc l'Hermitage 4 117
6%
Hillion 4 304
6%
Beaussais-sur-Mer 4 379
6%
Plaintel 4 571
6%
Plouha 4 677
6%
Bégard 4 862
6%
Yffiniac 4 980
6%
Ploumagoar 5 418
6%
Binic / Étables 7 020
6%
Pordic 7 393
6%
Langueux 7 947
6%
Plérin 14 527
0%
Dinan 14 966
0%
Paimpol 7 266
0%
Aucun quiz correspondant
Distribution des résultats
% des personnes avec chaque résultat
Percentile par nombre de réponses
Votre historique - résultats
Vous n’avez pas pris ce quiz